000 01838nam a2200385 4500
003 EC-UNACH
005 20250522130029.0
006 s||||gr|||| 00| 00
008 150116t9999 mx r gr 000 0 spa d
020 _a10121498
040 _aEC-UNACH
_cEC-UNACH
041 _aspa
082 0 4 _223
_a300
_bL017717
110 _aCentro Andino de Acción Popular (CAAP)
245 _aEcuador Debate N°59. La Construcción de lo Femenino
250 _aPrimera Edición
264 _aQuito- Ecuador
_bCAAP
_c2003
300 _a196 páginas
_bTablas
_c14,5 X 21 cm
505 _aCoyuntura.- Dolarización: se acumulan dudas. La coyuntura en el engañoso espejo de los medios. La agenda hegemónica: guerra es paz. Conflictividad socio-política: marzo - junio 2003. -- Tema Central.- Exceso de maternidad y descalificación paterna. Imaginario femenino y tradición oral. La feminidad: cómo se construye? Imágenes de mujeres y educación. Las marcas de la violencia. Mujeres como madres, mujeres como agricultoras. -- Entrevista.- Universidad y sociedad. -- Debate Agrario-Rural.- La reforma estructural y la competitividad. Fuerza de trabajo y floricultura. -- Análisis.- La historia de límites en los libros de texto. La sospecha es legítima. -- Crítica Bibliográfica.- La seducción populista en América Latina.
650 _aDOLARIZACIÓN
650 _aMUJERES Y EDUCACIÓN
650 _aUNIVERSIDAD Y SOCIEDAD
650 _aGUERRA ES PAZ
650 _aAGRARIO RURAL
700 _aRomero, Marco
700 _aPonce, Javier
700 _aGoetschel, Ana María
700 _aPoeschell-Renz, Ursula
942 _2ddc
_c1
999 _c13493